Eastern Utah Libraries Catalog: Duchesne, Heber, Roosevelt, & Vernal

Asleep in the stable / (Record no. 18349)

MARC details
000 -LEADER
fixed length control field 01058cam a22003858a 4500
003 - CONTROL NUMBER IDENTIFIER
control field XX-XxUND
005 - DATE AND TIME OF LATEST TRANSACTION
control field 20241220111248.0
008 - FIXED-LENGTH DATA ELEMENTS--GENERAL INFORMATION
fixed length control field 030805s2004 nyua b 000 1 eng
001 - CONTROL NUMBER
control field 6303453
010 ## - LIBRARY OF CONGRESS CONTROL NUMBER
LC control number 2003059142
020 ## - INTERNATIONAL STANDARD BOOK NUMBER
International Standard Book Number 0823418243
035 ## - SYSTEM CONTROL NUMBER
System control number (Sirsi) i9780823418244
035 ## - SYSTEM CONTROL NUMBER
System control number (OCoLC)ocm53231258
040 ## - CATALOGING SOURCE
Original cataloging agency DLC
Transcribing agency DLC
Modifying agency GBX
042 ## - AUTHENTICATION CODE
Authentication code lcac
049 ## - LOCAL HOLDINGS (OCLC)
Holding library GBXE
050 00 - LIBRARY OF CONGRESS CALL NUMBER
Classification number PZ7.H55773
Item number As 2004
082 00 - DEWEY DECIMAL CLASSIFICATION NUMBER
Classification number [E]
Edition number 22
099 ## - LOCAL FREE-TEXT CALL NUMBER (OCLC)
Classification number Hillenb-
-- rand
082 ## - DEWEY DECIMAL CLASSIFICATION NUMBER
Classification number HIL
092 ## - LOCALLY ASSIGNED DEWEY CALL NUMBER (OCLC)
Classification number HIL
100 1# - MAIN ENTRY--PERSONAL NAME
Personal name Hillenbrand, Will.
9 (RLIN) 31866
245 10 - TITLE STATEMENT
Title Asleep in the stable /
Statement of responsibility, etc by Will Hillenbrand.
250 ## - EDITION STATEMENT
Edition statement 1st ed.
260 ## - PUBLICATION, DISTRIBUTION, ETC. (IMPRINT)
Place of publication, distribution, etc New York :
Name of publisher, distributor, etc Holiday House,
Date of publication, distribution, etc c2004.
263 ## - PROJECTED PUBLICATION DATE
Projected publication date 0406
300 ## - PHYSICAL DESCRIPTION
Extent 1 v. (unpaged) :
Other physical details col. ill.
520 ## - SUMMARY, ETC.
Summary, etc A baby owl asks his mother all about the Holy Child who he sees sleeping in their stable home.
600 00 - SUBJECT ADDED ENTRY--PERSONAL NAME
Personal name Jesus Christ
General subdivision Nativity
Form subdivision Fiction.
9 (RLIN) 5690819
650 #0 - SUBJECT ADDED ENTRY--TOPICAL TERM
Topical term or geographic name as entry element Owls
Form subdivision Fiction.
9 (RLIN) 5676079
942 ## - ADDED ENTRY ELEMENTS (KOHA)
Koha item type BOOK
994 ## -
-- X0
-- GBX
979 ## -
-- 348556
998 ## - LOCAL CONTROL INFORMATION (RLIN)
-- a37014
Holdings
Withdrawn status Lost status Source of classification or shelving scheme Damaged status Not for loan Collection code Home library Current library Shelving location Date acquired Cost, normal purchase price Total Checkouts Total Renewals Full call number Barcode Date last seen Date checked out Cost, replacement price Price effective from Koha item type
    Dewey Decimal Classification     Children Holiday Books Wasatch County Library Wasatch County Library Main Floor Childrens Area 05/02/2005 15.95 49 6 E Christmas Hillenbrand 34301000429755 12/23/2025 12/16/2025 15.95 03/20/2020 BOOK
This project was made possible through a grant from the Institute of Museum and Library Service administered by the Utah State Library Division.

Wasatch County Library

  • 465 East 1200 South, Heber City, Utah 84032
  • Phone 435-654-1511 | Fax 435-654-6456

Hours

  • Monday - Friday 9:30 AM - 8:00 PM
  • Saturday 9:30 AM - 1:30 PM
  • Closed Sundays and Holidays